000 00670nam a2200193 4500
001 138454
003 ES-MaACL
005 20250416063103.0
007 t|
008 070214s1973 sp r ||||1| spa d
100 1 _aSan Ildefonso, Mariano,
_d1904-1981
_9102237
245 1 0 _aEspaña, mi estrella grande
_b: poesías /
_cpor Mariano San Ildefonso.
260 _aMadrid :
_bAgrupación Nacional Sindical de Escritores Españoles,
_c1973.
300 _a100 p. ;
_c20 cm.
710 2 _aAgrupación Nacional Sindical de Escritores Españoles.
_91297
852 _aES-MaACL
_jC-55669
_bR.88346
852 _aES-MaACL
_jE-5532
_bR.89838
999 _c138454
_d138454